banner-ar

مختار الصحاح / (Record no. 66648)

MARC details
000 -الفاتح
حقل البيانات ثابتة الطول 00839nam a2200217Ia 4500
005 - وقت وتاريخ اخر تعامل مع التسجيلة
رقم الضبط 20240530110931.0
008 - عناصر البيانات ثابتة الطول - معلومات عامة
حقل البيانات ثابتة الطول 140319s9999 xx 000 0 ara d
040 ## - مصدر الفهرسة
وكالة الفهرسة الأصلية GCL /
وكالة النسخ GCL
082 04 - رقم تصنيف ديوى العشرى
رقم المادة 413.1
-- ر م
100 1# - المدخل الرئيسى - إسم شخصى
الإسم الشخصى الرازى ، زين الدين محمد بن ابى
245 10 - بيان العنوان
العنوان مختار الصحاح /
بيان المسئوليه,etc الرازى ، زين الدين محمد بن ابى ؛ اعتنى به يوسف الشيخ محمد
260 ## - PUBLICATION, DISTRIBUTION, ETC. (IMPRINT)
تاريخ النشر أو التوزيع 1995
300 ## - الوصف المادى
التعداد 352 ص. ؛
أبعاد الوعاء 24 سم.
650 04 - المدخل الاضافى بالموضوع-مصطلح موضوعى
مصطلح موضوعي المترادفات والاضداد
650 04 - المدخل الاضافى بالموضوع-مصطلح موضوعى
مصطلح موضوعي اللغة العربية - الالفاظ
650 04 - المدخل الاضافى بالموضوع-مصطلح موضوعى
مصطلح موضوعي اللغة العربية - المعاجم
650 04 - المدخل الاضافى بالموضوع-مصطلح موضوعى
مصطلح موضوعي اللغة العربية - الاشتقاق
700 1# - المدخل الاضافى - اسم شخصى
الإسم الشخصى يوسف الشيخ محمد
942 ## - عناصر المدخل الإضافي( كوها)
مصدر التصنيف او مخطط الترفيف Dewey Decimal Classification
Koha [default] item type المراجع
260 ## - PUBLICATION, DISTRIBUTION, ETC. (IMPRINT)
-- بيروت :
-- المكتبة العصرية،
Holdings
حالة التراجع حالة الفقد مصدر التصنيف او خطة الترفيف حالة تلف ليس للاعارة المكان المؤقت الموقع الحالى موقع الترفيف تاريخ الاكتساب اجمالي اﻻعارات رقم الطلب الباركود تاريخ اخر مشاهدة تاريخ تفعيل السعر نوع وعاء كوها
    ddc     مكتبة القاهرة الكبرى مكتبة القاهرة الكبرى   08/29/2022   413.1 \ر م 168369 08/29/2022 08/29/2022 المراجع
    ddc     مكتبة القاهرة الكبرى مكتبة القاهرة الكبرى   08/29/2022   413.1 \ر م 168370 08/29/2022 08/29/2022 المراجع
    ddc     مكتبة القاهرة الكبرى مكتبة القاهرة الكبرى   08/29/2022   413.1 \ر م 168371 08/29/2022 08/29/2022 المراجع

Powered By

EGPV